000
00319nam a22001337a 4500
020
_a
978-0-14-133267-3
082
_a
823
_b
WIL/W
100
_a
JACQUELINE WILSON
245
_a
THE WEREPUPPY
260
_a
UNITED KINGDOM
_b
PUFFIN BOOKS
_c
2004
300
_a
95
650
_a
CHILDREN'S STORY BOOK
_z
UNITED KINGDOM
942
_c
BK
999
_c
108
_d
108